Equilibrio democrático: Estado, partido, pueblo /
Guardado en:
| Institution som forfatter: | |
|---|---|
| Format: | Texto |
| Fag: | |
| Tags: |
Tilføj Tag
Ingen Tags, Vær først til at tagge denne postø!
|
MARC
| LEADER | 00000 a a2200000 04500 | ||
|---|---|---|---|
| 001 | 45629 | ||
| 003 | |||
| 040 | |||
| 110 | |a Molero, María | ||
| 245 | |a Equilibrio democrático: |b Estado, partido, pueblo / |c María Molero | ||
| 500 | |a Antes se llamaba: ALAI SERVICIO MENSUAL DE INFORMACION Y DOCUMENTACION | ||
| 650 | |a POLITICA | ||
| 650 | |a DEMOCRACIA | ||
| 650 | |a ESTADO | ||
| 650 | |a PARTIDOS POLITICOS | ||
| 650 | |a PUEBLO | ||
| 650 | |a NICARAGUA | ||
| 650 | |a AMERICA CENTRAL | ||
| 773 | |g volumen12, número99 (Enero, 1988), Págs. 11-13 | ||
| 999 | |c 29525 |d 29525 | ||
